[Event "Olimpiade 2024 - Donne"]
[Site "Budapest"]
[Date "15.09.2024"]
[Round "5.1"]
[Board "2"]
[White "Vaishali, Rameshbabu"]
[Black "Kamalidenova, Meruert"]
[Result "1-0"]
[WhiteTitle "GM"]
[BlackTitle "IM"]
[WhiteElo "2498"]
[BlackElo "2352"]
[WhiteTeam "India"]
[BlackTeam "Kazakhstan"]
[WhiteFideId "5091756"]
[BlackFideId "13712802"]
[EventDate "2024.09.11"]

1. e4 c5 2. Nf3 d6 3. d4 cxd4 4. Nxd4 Nf6 5. Nc3 a6 6. Qd3 Nbd7 7. Be2 b5 8. Nd5
Bb7 9. a4 bxa4 10. Nxf6+ Nxf6 11. f3 g6 12. Qa3 Bg7 13. Qxa4+ Nd7 14. Be3 O-O
15. Qa5 Qc8 16. c3 Nc5 17. Ra3 e5 18. Nb3 Ne6 19. O-O f5 20. exf5 gxf5 21. Rd1
d5 22. Qb6 Rf7 23. Na5 Bf8 24. b4 Kh8 25. Bf1 Bg7 26. Bf2 e4 27. fxe4 fxe4 28.
Nxb7 Rxb7 29. Qd6 d4 30. Rxa6 e3 31. Bxe3 dxe3 32. Rxa8 Qxa8 33. Qxe6 Bxc3 34.
Qxe3 Qa7 35. Qxa7 Rxa7 36. b5 Kg7 37. Kf2 Kf6 38. Bc4 Be5 39. g3 Rc7 40. Be2 Rb7
41. Rc1 Bd4+ 42. Kf3 Ke5 43. Rc6 Rf7+ 44. Kg4 Bg1 45. Bc4 Re7 46. h4 Rg7+ 47.
Kf3 Rb7 48. g4 Bb6 49. g5 Kd4 50. Kg4 Bc5 51. Be2 Re7 52. Bf3 Re8 53. b6 Re3 54.
b7 Rb3 55. h5 Rb4 56. Rxc5 Kxc5+ 57. Kg3 Kd6 58. g6 hxg6 59. h6 1-0

[Event "Olimpiade 2024 - Donne"]
[Site "Budapest"]
[Date "15.09.2024"]
[Round "5.1"]
[Board "4"]
[White "Vantika, Agrawal"]
[Black "Nurman, Alua"]
[Result "1-0"]
[WhiteTitle "IM"]
[BlackTitle "WIM"]
[WhiteElo "2370"]
[BlackElo "2324"]
[WhiteTeam "India"]
[BlackTeam "Kazakhstan"]
[WhiteFideId "25050389"]
[BlackFideId "13729390"]
[EventDate "2024.09.11"]

1. d4 Nf6 2. c4 g6 3. Nc3 Bg7 4. e4 d6 5. Be2 O-O 6. Nf3 e5 7. O-O Bg4 8. d5 a5
9. h3 Bxf3 10. Bxf3 Na6 11. a3 Nc5 12. Be3 Nfd7 13. b4 axb4 14. axb4 Rxa1 15.
Qxa1 Nb3 16. Qa7 Nd4 17. Qxb7 Nxf3+ 18. gxf3 f5 19. Ra1 Qh4 20. Qxc7 f4 21. Bd2
Qxh3 22. Ra7 Rf7 23. Qxd6 Nf8 24. Rxf7 Kxf7 25. Bxf4 exf4 26. Qxf4+ Kg8 27. Nb5
Qd7 28. e5 Qe7 29. e6 Nxe6 30. dxe6 Qxe6 31. c5 Be5 32. Qe4 Qf6 33. Nd6 Bxd6 34.
Qd5+ Qf7 35. Qxd6 Qxf3 36. c6 Qg4+ 37. Kh2 Qh4+ 38. Kg2 Qg4+ 39. Kf1 Qc4+ 40.
Ke1 Qc1+ 41. Ke2 Qc2+ 42. Ke3 Qc3+ 43. Ke4 Qc4+ 44. Kf3 Qf7+ 45. Kg2 Qf5 46. c7
Kf7 47. b5 h5 48. Qd4 Qe6 49. b6 g5 50. Qc3 Qc8 51. b7 1-0

[Event "Olimpiade 2024 - Donne"]
[Site "Budapest"]
[Date "15.09.2024"]
[Round "5.2"]
[Board "1"]
[White "Gaal, Zsoka"]
[Black "Narva, Mai"]
[Result "1-0"]
[WhiteTitle "WIM"]
[BlackTitle "IM"]
[WhiteElo "2385"]
[BlackElo "2420"]
[WhiteTeam "Hungary"]
[BlackTeam "Estonia"]
[WhiteFideId "777765"]
[BlackFideId "4500512"]
[EventDate "2024.09.11"]

1. Nf3 Nf6 2. c4 e6 3. g3 b6 4. Bg2 Bb7 5. O-O Be7 6. d4 d5 7. cxd5 exd5 8. Nc3
O-O 9. Bf4 Nbd7 10. Rc1 c6 11. Qc2 Re8 12. h4 Bb4 13. e3 h6 14. Rfd1 Bxc3 15.
bxc3 Ne4 16. c4 Ndf6 17. cxd5 cxd5 18. Qc7 Qe7 19. Bh3 Ba6 20. Qxe7 Rxe7 21. Ne5
Be2 22. Re1 Bb5 23. f3 Nd2 24. e4 Nc4 25. Nxc4 Bxc4 26. Bd6 Rb7 27. e5 Ne8 28.
a4 Nxd6 29. exd6 b5 30. Re7 Rb6 31. d7 Kf8 32. Rce1 Rbb8 33. axb5 Bxb5 34. R7e5
Bc4 35. Bf5 a5 36. Bc2 Bb5 37. Rxd5 Bc4 38. Rc5 Be6 39. Ba4 Rd8 40. Rc7 g6 41.
Re5 Ke7 42. d5 Kd6 43. dxe6 Kxc7 44. e7 Rxd7 45. Rc5+ Kd6 46. Rd5+ Kxe7 47.
Rxd7+ Ke6 48. Rb7 f5 49. Rb6+ Kf7 50. Kf2 Rc8 51. Rb5 Ra8 52. Ke3 Ra6 53. Rc5
Re6+ 54. Kf2 Kf6 55. Rxa5 Rb6 56. Rc5 Rb4 57. Rc6+ Kg7 58. Bc2 Rb5 59. g4 1-0

[Event "Olimpiade 2024 - Donne"]
[Site "Budapest"]
[Date "15.09.2024"]
[Round "5.2"]
[Board "2"]
[White "Olde, Margareth"]
[Black "Hoang, Thanh Trang"]
[Result "0-1"]
[WhiteTitle "WIM"]
[BlackTitle "GM"]
[WhiteElo "2135"]
[BlackElo "2351"]
[WhiteTeam "Estonia"]
[BlackTeam "Hungary"]
[WhiteFideId "4503082"]
[BlackFideId "12400149"]
[EventDate "2024.09.11"]

1. d4 e6 2. Nf3 f5 3. c4 Nf6 4. g3 d5 5. Bg2 Bd6 6. O-O c6 7. Ne5 Nbd7 8. Bf4
Qc7 9. cxd5 Nxd5 10. Bc1 Nxe5 11. dxe5 Bxe5 12. e4 fxe4 13. Bxe4 O-O 14. Na3 Nf6
15. Bg2 Rd8 16. Qe2 Bd4 17. Bg5 e5 18. Kh1 Bg4 19. Qc2 Qd7 20. Rae1 Kh8 21. Nc4
Re8 22. Ne3 Be6 23. Bxf6 gxf6 24. Be4 Rad8 25. b3 Bxe3 26. fxe3 Rf8 27. Rd1 Qe7
28. Rxd8 Rxd8 29. Qf2 Bh3 30. Bg2 Bxg2+ 31. Kxg2 Kg7 32. Qf5 Qf7 33. Rf2 Qg6 34.
g4 Qxf5 35. gxf5 Kf7 36. Kf3 Rd1 37. Rg2 a5 38. Ke4 h5 39. Rc2 Rg1 40. Kf3 Rf1+
41. Ke4 Rg1 42. Kf3 Rg4 43. h3 Rg5 44. Rc5 Rxf5+ 45. Ke4 Rf2 46. Rxa5 Ke6 47.
Ra7 f5+ 48. Kd3 e4+ 49. Kd4 Rd2+ 50. Kc4 Rc2+ 51. Kb4 f4 52. exf4 e3 53. Ra8 Kf7
54. Rh8 e2 55. Rh7+ Kf6 56. Rh6+ Kf5 57. Rxh5+ Kxf4 58. Rh4+ Ke5 0-1

[Event "Olimpiade 2024 - Donne"]
[Site "Budapest"]
[Date "15.09.2024"]
[Round "5.2"]
[Board "3"]
[White "Terbe, Julianna"]
[Black "Blokhin, Sofia"]
[Result "1-0"]
[WhiteTitle "WIM"]
[BlackTitle "WFM"]
[WhiteElo "2245"]
[BlackElo "2036"]
[WhiteTeam "Hungary"]
[BlackTeam "Estonia"]
[WhiteFideId "708780"]
[BlackFideId "4508190"]
[EventDate "2024.09.11"]

1. d4 f5 2. c4 Nf6 3. Nf3 g6 4. g3 Bg7 5. Bg2 O-O 6. O-O d6 7. Nc3 c6 8. b3 Na6
9. Ba3 Ne4 10. Qc2 Nxc3 11. Qxc3 c5 12. Rad1 Qb6 13. Qd2 Bd7 14. d5 Qd8 15. e4
fxe4 16. Ng5 h6 17. Ne6 Bxe6 18. dxe6 Rb8 19. Bxe4 Qc8 20. Rde1 b5 21. Bxg6 bxc4
22. Bf7+ Kh7 23. Qc2+ Kh8 24. Qxc4 Nb4 25. Bc1 Nxa2 26. Bxh6 Bxh6 27. Qh4 Rxf7
28. exf7 Qf8 29. Rxe7 Rb4 30. Qf6+ Kh7 31. Re8 Qg7 32. Qf5+ Qg6 33. Rh8+ 1-0

[Event "Olimpiade 2024 - Donne"]
[Site "Budapest"]
[Date "15.09.2024"]
[Round "5.2"]
[Board "4"]
[White "Narva, Triin"]
[Black "Lazarne Vajda, Szidonia"]
[Result "0-1"]
[WhiteTitle "WFM"]
[BlackTitle "IM"]
[WhiteElo "2066"]
[BlackElo "2283"]
[WhiteTeam "Estonia"]
[BlackTeam "Hungary"]
[WhiteFideId "4502680"]
[BlackFideId "723894"]
[EventDate "2024.09.11"]

1. e4 e5 2. Bc4 Nf6 3. d4 exd4 4. Nf3 Nc6 5. e5 d5 6. Bb5 Ne4 7. Nxd4 Bd7 8.
Bxc6 bxc6 9. O-O Bc5 10. Be3 Bb6 11. f3 Ng5 12. f4 Ne4 13. Nd2 Nxd2 14. Qxd2 c5
15. Nf3 d4 16. Bf2 Bc6 17. Bh4 Qd7 18. Rad1 c4 19. Nxd4 Qg4 20. Qf2 O-O 21. h3
Qh5 22. Kh2 Bb7 23. Qg3 Kh8 24. e6 f6 25. e7 Rfe8 26. Rfe1 Qf7 27. Qa3 c5 28.
Nf5 Qg6 29. g4 h5 30. Qg3 Bc7 31. Re2 Bc8 32. Rd5 hxg4 33. hxg4 Bxf5 34. gxf5
Qh6 35. Kg1 Bxf4 36. Qg4 Be3+ 37. Kf1 Rxe7 38. Qg3 Bf4 39. Qf2 Rxe2 40. Kxe2
Re8+ 41. Kf3 Bc1 42. Kg2 Qh5 43. Bg3 Re2 44. Rxc5 Be3 45. Rc8+ Kh7 46. Qxe2
Qxe2+ 47. Kh3 Qxc2 48. Rc7 Qxf5+ 49. Kg2 Bb6 50. Re7 Qc2+ 0-1

[Event "Olimpiade 2024 - Donne"]
[Site "Budapest"]
[Date "15.09.2024"]
[Round "5.3"]
[Board "1"]
[White "Zhu, Jiner"]
[Black "Mkrtchian, Lilit"]
[Result "0-1"]
[WhiteTitle "GM"]
[BlackTitle "IM"]
[WhiteElo "2487"]
[BlackElo "2366"]
[WhiteTeam "China"]
[BlackTeam "Armenia"]
[WhiteFideId "8608059"]
[BlackFideId "13300601"]
[EventDate "2024.09.11"]

1. e4 c6 2. d4 d5 3. Nc3 dxe4 4. Nxe4 Nd7 5. Bd3 Ngf6 6. Ng5 e6 7. Qe2 Bd6 8.
Bd2 h6 9. Ne4 Nxe4 10. Qxe4 Nf6 11. Qe2 Qc7 12. Nf3 b6 13. c4 Bb7 14. Bc3 c5 15.
O-O-O O-O-O 16. dxc5 Bxc5 17. Kb1 Rhe8 18. Bc2 Rxd1+ 19. Rxd1 Rd8 20. Rxd8+ Kxd8
21. Ne5 Ke7 22. g4 Qd6 23. Nd3 Qxh2 24. Nxc5 Qh1+ 25. Bd1 bxc5 26. f3 h5 27.
gxh5 Qxh5 28. a3 Nd7 29. Ka2 f6 30. Qg2 g5 31. b4 Qh4 32. Qe2 Nb6 33. Bb3 Qf4
34. bxc5 Bxf3 35. Qf2 Nd7 36. Bd2 Qe4 37. c6 Qxc6 38. Qxa7 g4 39. Kb2 Qb6 40.
Qa4 Qd4+ 41. Bc3 Qf2+ 42. Ka1 g3 43. Bb4+ Ke8 44. Qa6 Qd4+ 45. Ka2 g2 46. Qxe6+
Kd8 47. Qg8+ Kc7 48. Qg3+ Kc8 49. Ba5 Qc5 50. Qe1 Ne5 0-1

[Event "Olimpiade 2024 - Donne"]
[Site "Budapest"]
[Date "15.09.2024"]
[Round "5.3"]
[Board "2"]
[White "Mkrtchyan, Mariam"]
[Black "Song, Yuxin"]
[Result "0-1"]
[WhiteTitle "WIM"]
[BlackTitle "IM"]
[WhiteElo "2328"]
[BlackElo "2373"]
[WhiteTeam "Armenia"]
[BlackTeam "China"]
[WhiteFideId "13310828"]
[BlackFideId "8614300"]
[EventDate "2024.09.11"]

1. d4 Nf6 2. c4 e6 3. Nf3 b6 4. g3 Bb7 5. Bg2 Be7 6. Nc3 Ne4 7. Bd2 O-O 8. d5
Nxd2 9. Qxd2 d6 10. O-O Bf6 11. e4 a6 12. Rfc1 Nd7 13. b4 a5 14. a3 Ne5 15. Nxe5
Bxe5 16. f4 Bf6 17. Ra2 e5 18. Rcc2 Qd7 19. f5 Rfb8 20. Bf1 Qd8 21. h4 axb4 22.
axb4 Rxa2 23. Rxa2 Ra8 24. Be2 g6 25. Bd3 Rxa2 26. Qxa2 Qf8 27. Kf2 Bc8 28. Nb5
Bd8 29. Qa7 gxf5 30. exf5 Qe7 31. Be4 Qf6 32. Nxc7 Bxf5 33. Ne8 Qh6 34. Bxf5
Qd2+ 35. Kf1 Qd1+ 36. Kf2 Qd2+ 37. Kf3 Qd1+ 38. Ke3 Qe1+ 39. Kd3 Qxg3+ 40. Ke2
Qg2+ 41. Ke3 Bxh4 42. Bxh7+ Kf8 43. Nxd6 Bg5+ 44. Kd3 Qd2+ 45. Ke4 Qe3+ 46. Kf5
Qf4# 0-1

[Event "Olimpiade 2024 - Donne"]
[Site "Budapest"]
[Date "15.09.2024"]
[Round "5.3"]
[Board "4"]
[White "Sargsyan, Anna M."]
[Black "Lu, Miaoyi"]
[Result "1-0"]
[WhiteTitle "IM"]
[BlackTitle "IM"]
[WhiteElo "2364"]
[BlackElo "2438"]
[WhiteTeam "Armenia"]
[BlackTeam "China"]
[WhiteFideId "13308130"]
[BlackFideId "8618020"]
[EventDate "2024.09.11"]

1. e4 e5 2. Nf3 Nc6 3. Bc4 Nf6 4. d3 Bc5 5. c3 d6 6. O-O O-O 7. Re1 a5 8. h3 Ba7
9. Bb3 h6 10. Nbd2 Be6 11. Bc2 Re8 12. Nf1 d5 13. exd5 Qxd5 14. Be3 Bxe3 15.
Nxe3 Qb5 16. Ba4 Qxb2 17. Rb1 Qxc3 18. Rxb7 Re7 19. Qb1 Nb4 20. Rc1 Qa3 21. Bb3
Nxa2 22. Rc6 Bxb3 23. Rxb3 Qa4 24. Rxf6 gxf6 25. Nf5 Ree8 26. d4 exd4 27. N3xd4
Rad8 28. Nxh6+ Kf8 29. Qh7 Re1+ 30. Kh2 Qc4 31. Nhf5 Ke8 32. Rd3 Kd7 33. Ne6+
Kxe6 34. Rxd8 Qf4+ 35. Ng3 Re5 36. Qc2 Nb4 37. Qxc7 Re4 38. Qd7+ 1-0

[Event "Olimpiade 2024 - Donne"]
[Site "Budapest"]
[Date "15.09.2024"]
[Round "5.4"]
[Board "1"]
[White "Munkhzul, Turmunkh"]
[Black "Tokhirjonova, Gulrukhbegim"]
[Result "1-0"]
[WhiteTitle "WGM"]
[BlackTitle "IM"]
[WhiteElo "2256"]
[BlackElo "2380"]
[WhiteTeam "Mongolia"]
[BlackTeam "United States of America"]
[WhiteFideId "4901878"]
[BlackFideId "14203626"]
[EventDate "2024.09.11"]

1. e4 e5 2. Nf3 Nc6 3. Bb5 a6 4. Bxc6 dxc6 5. Nc3 f6 6. d4 exd4 7. Qxd4 Qxd4 8.
Nxd4 Bd7 9. Be3 O-O-O 10. f3 Ne7 11. Kf2 Ng6 12. Rad1 h5 13. h4 Re8 14. Nde2 Ne5
15. b3 g6 16. Nf4 Bd6 17. Nd3 Rhf8 18. Nxe5 Bxe5 19. Na4 f5 20. Nc5 Be6 21. Nxe6
Rxe6 22. exf5 gxf5 23. Bd4 Bd6 24. Rhe1 Rg6 25. Kf1 Rfg8 26. Re2 Bg3 27. Bf2 Bf4
28. Rde1 Bd6 29. Re8+ Kd7 30. Rxg8 Rxg8 31. Bd4 c5 32. Bf6 b5 33. c4 Rb8 34. Ke2
Ke6 35. Bg5 bxc4 36. bxc4 f4 37. Kd3+ Kf5 38. Re2 Be5 39. Be7 Bd4 40. Bg5 a5 41.
Re4 Be5 42. Be7 Rg8 43. Re2 Bd4 44. Bg5 Be3 45. g3 Rg6 46. Rg2 Rd6+ 47. Kc2 Rd4
48. Kc3 Rd1 49. Bxf4 Bxf4 50. gxf4 Rc1+ 51. Kd3 Kxf4 52. Rg5 Ra1 53. Rxh5 Rxa2
54. Rxc5 Kxf3 55. Rxc7 Kf4 56. Rc5 a4 57. Ra5 a3 58. Kc3 Ke4 59. h5 Ra1 60. h6
Rh1 61. Rxa3 Rxh6 62. Ra8 Ke5 63. Rd8 Ke6 64. Kb4 Rh1 65. Kb5 Ke7 66. Rd2 Rb1+ 1-0

[Event "Olimpiade 2024 - Donne"]
[Site "Budapest"]
[Date "15.09.2024"]
[Round "5.4"]
[Board "2"]
[White "Yip, Carissa"]
[Black "Munguntuul, Batkhuyag"]
[Result "1/2-1/2"]
[WhiteTitle "IM"]
[BlackTitle "IM"]
[WhiteElo "2386"]
[BlackElo "2346"]
[WhiteTeam "United States of America"]
[BlackTeam "Mongolia"]
[WhiteFideId "2090732"]
[BlackFideId "4900758"]
[EventDate "2024.09.11"]

1. e4 c6 2. d4 d5 3. e5 Bf5 4. Nf3 e6 5. Be2 c5 6. O-O Nc6 7. Be3 cxd4 8. Nxd4
Nxd4 9. Qxd4 Ne7 10. Qa4+ Nc6 11. c4 d4 12. Rd1 Bc5 13. b4 Qh4 14. g3 Qe4 15.
Bd3 Qf3 16. Nd2 Qh5 17. Bf4 Bxb4 18. Bxf5 Qxf5 19. Nf3 O-O 20. Rab1 Qe4 21. Ng5
Qe2 22. Qb3 Bc3 23. Qxb7 Nxe5 24. c5 d3 25. Ne4 Bd4 26. Bxe5 Bxe5 27. Rd2 Rab8
28. Rxe2 Rxb7 29. Ree1 Rxb1 30. Rxb1 f5 31. Ng5 h6 32. Nxe6 Re8 33. Nf4 d2 34.
Kf1 Bc3 35. Ne2 Ba5 36. Rd1 Kf7 37. c6 Kf6 38. c7 Rc8 39. Nd4 Rxc7 40. Nb3 Bb4
41. Nxd2 Rc2 42. Nb3 Rxa2 43. Rd5 g6 44. Rb5 a5 45. h3 Ra3 46. Nd4 Rc3 47. Rb6+
Kg7 48. Ra6 Rd3 49. Nc6 f4 50. gxf4 Rf3 51. Kg2 Rxf4 52. Nxa5 Bc5 53. Nb7 Rxf2+
54. Kg3 Rf5 55. Nxc5 1/2-1/2

[Event "Olimpiade 2024 - Donne"]
[Site "Budapest"]
[Date "15.09.2024"]
[Round "5.4"]
[Board "4"]
[White "Lee, Alice"]
[Black "Mungunzul, Bat-Erdene"]
[Result "1/2-1/2"]
[WhiteTitle "IM"]
[BlackTitle "WCM"]
[WhiteElo "2384"]
[BlackElo "2224"]
[WhiteTeam "United States of America"]
[BlackTeam "Mongolia"]
[WhiteFideId "30941822"]
[BlackFideId "4902831"]
[EventDate "2024.09.11"]

1. d4 d5 2. c4 c6 3. Nf3 Nf6 4. e3 Bf5 5. Nh4 Be4 6. Nc3 e6 7. f3 Bg6 8. Bd2 Be7
9. Nxg6 hxg6 10. Qc2 a6 11. O-O-O dxc4 12. Bxc4 b5 13. Be2 Nbd7 14. Kb1 c5 15.
d5 exd5 16. Bc1 Nb6 17. g4 b4 18. Na4 Nfd7 19. f4 Qc7 20. Bf3 Qc6 21. Nxb6 Nxb6
22. e4 d4 23. Rxd4 Rc8 24. Rdd1 c4 25. f5 Rh3 26. Qg2 c3 27. Ka1 Bf6 28. e5 Qxf3
29. Qxf3 Rxf3 30. exf6 gxf6 31. bxc3 bxc3 32. Rhe1+ Kf8 33. Rd6 Nc4 34. Rxf6 a5
35. Ra6 gxf5 36. gxf5 Nd2 37. Ba3+ Kg7 38. Rg1+ Kh7 39. Rxa5 Nc4 40. Ra6 Rxf5
41. Bc1 Nd2 42. Ra4 Rh5 43. Rg2 Rg8 44. Rxg8 Kxg8 45. Rg4+ Kh7 46. Bxd2 cxd2 47.
Rd4 Rxh2 48. Kb1 Rh1+ 49. Kc2 Ra1 50. Kxd2 Rxa2+ 51. Ke3 Kg6 52. Kf3 Ra3+ 53.
Kf2 Kg5 54. Rb4 f5 55. Rc4 Ra2+ 56. Kf3 Ra3+ 57. Kf2 Ra2+ 58. Kf3 Ra3+ 1/2-1/2

[Event "Olimpiade 2024 - Donne"]
[Site "Budapest"]
[Date "15.09.2024"]
[Round "5.5"]
[Board "1"]
[White "Khamdamova, Afruza"]
[Black "Dzagnidze, Nana"]
[Result "1/2-1/2"]
[WhiteTitle "WIM"]
[BlackTitle "GM"]
[WhiteElo "2313"]
[BlackElo "2508"]
[WhiteTeam "Uzbekistan"]
[BlackTeam "Georgia"]
[WhiteFideId "14210444"]
[BlackFideId "13601903"]
[EventDate "2024.09.11"]

1. e4 c6 2. d4 d5 3. Nc3 dxe4 4. Nxe4 Bf5 5. Ng3 Bg6 6. h4 h6 7. Nf3 Nd7 8. Bd3
Bxd3 9. Qxd3 e6 10. Bf4 Ngf6 11. O-O Be7 12. c4 O-O 13. Rfd1 Qa5 14. a3 b5 15.
Rac1 bxc4 16. Rxc4 Qb5 17. Qc2 Nd5 18. a4 Qb7 19. Bd2 Rfc8 20. a5 Rab8 21. Rb1
c5 22. dxc5 Rxc5 23. Ne4 Rxc4 24. Qxc4 Qb3 25. Qxb3 Rxb3 26. Nc3 Bf6 27. Nxd5
exd5 28. Be3 a6 29. Rd1 Rb5 30. b4 Bc3 31. Bd2 Bxd2 32. Rxd2 Nb8 33. Ne5 f6 34.
Nd3 Nc6 35. g3 d4 36. Rc2 Nxb4 37. Nxb4 Rxb4 38. Rc6 d3 39. Rd6 Rb5 40. Rxd3
Rxa5 41. Rd7 Rb5 42. Ra7 a5 43. Kg2 Kh7 44. g4 h5 45. f3 hxg4 46. fxg4 Rb4 47.
Rxa5 Rxg4+ 48. Kh3 Rc4 49. Kg3 Kg6 50. Rb5 f5 51. Ra5 Rc3+ 52. Kg2 Re3 53. Rb5
Kf6 54. Ra5 g6 55. Rb5 f4 56. Ra5 Re5 57. Ra3 Kf5 58. Kf3 Rb5 59. Rc3 Ra5 60.
Rb3 Re5 61. Ra3 Re3+ 62. Rxe3 fxe3 63. h5 gxh5 64. Kxe3 Kg4 65. Kf2 h4 66. Kg2 1/2-1/2

[Event "Olimpiade 2024 - Donne"]
[Site "Budapest"]
[Date "15.09.2024"]
[Round "5.5"]
[Board "3"]
[White "Omonova, Umida"]
[Black "Batsiashvili, Nino"]
[Result "1/2-1/2"]
[WhiteTitle "WIM"]
[BlackTitle "GM"]
[WhiteElo "2032"]
[BlackElo "2461"]
[WhiteTeam "Uzbekistan"]
[BlackTeam "Georgia"]
[WhiteFideId "14210363"]
[BlackFideId "13602993"]
[EventDate "2024.09.11"]

1. e4 e5 2. Nf3 Nc6 3. Bc4 Nf6 4. d3 Bc5 5. O-O d6 6. c3 O-O 7. Nbd2 a5 8. h3
Ba7 9. Re1 Be6 10. Bb5 Ne7 11. Nf1 c6 12. Ba4 Ng6 13. Ng3 h6 14. Bc2 Qd7 15. d4
b5 16. Be3 Rfd8 17. Qd2 a4 18. a3 Qe8 19. Rad1 Qf8 20. Qc1 Rac8 21. Nf5 Bb8 22.
Re2 Bc4 23. Red2 d5 24. Nxe5 Nxe5 25. dxe5 Bxe5 26. f4 Bc7 27. e5 Nd7 28. Re1
Re8 29. Qd1 c5 30. Nxh6+ gxh6 31. Qg4+ Qg7 32. Qxd7 Red8 33. Qe7 Bb6 34. Bf2 d4
35. Bf5 Bd5 36. g4 Rb8 37. cxd4 Ba5 38. Red1 Bxd2 39. Rxd2 c4 40. Bh4 b4 41.
axb4 Qf8 42. Rc2 Qxe7 43. Bxe7 Re8 44. Bc5 Rb7 45. Rc3 Reb8 46. Bc2 Rxb4 47.
Bxb4 Rxb4 48. f5 Rxb2 49. Bxa4 Rd2 50. Bb5 Rxd4 51. Kf2 Re4 52. Re3 Rxe3 53.
Kxe3 Bg2 54. Bxc4 Bxh3 55. Kf3 h5 56. gxh5 Bxf5 57. Kf4 Bc2 58. Kg5 Bd1 59. h6
Ba4 60. Kf6 Kh7 61. Bxf7 Kxh6 62. e6 Bb5 63. e7 Ba4 64. Bc4 Be8 65. Bd5 Ba4 66.
Kf7 Kg5 67. Kg7 Bb5 68. Bf7 Ba4 69. Kf8 Kf6 70. Be8 Bc2 71. Bb5 Bg6 72. Bd3 Bh5
73. e8=R Bxe8 74. Kxe8 1/2-1/2

[Event "Olimpiade 2024 - Donne"]
[Site "Budapest"]
[Date "15.09.2024"]
[Round "5.5"]
[Board "4"]
[White "Khotenashvili, Bella"]
[Black "Malikova, Marjona"]
[Result "1-0"]
[WhiteTitle "GM"]
[BlackTitle "WIM"]
[WhiteElo "2432"]
[BlackElo "2083"]
[WhiteTeam "Georgia"]
[BlackTeam "Uzbekistan"]
[WhiteFideId "13602640"]
[BlackFideId "14212463"]
[EventDate "2024.09.11"]

1. d4 d5 2. Bf4 Nf6 3. Nf3 e6 4. e3 Bd6 5. Ne5 O-O 6. Nd2 c5 7. c3 Nc6 8. Bd3
Qc7 9. Ndf3 Ne4 10. O-O f6 11. Nxc6 Bxf4 12. exf4 Qxc6 13. Qe2 Nd6 14. Qc2 f5
15. dxc5 Qxc5 16. Nd4 Bd7 17. Rfe1 Rae8 18. Re3 Nf7 19. Rae1 Qd6 20. Qe2 Nd8 21.
g3 a6 22. h4 g6 23. Bc2 Rf6 24. Bb3 Re7 25. Qd1 b5 26. Nf3 Rg7 27. Qd4 Rf8 28.
Ng5 h6 29. Nf3 Kh7 30. Qd1 Nc6 31. a4 Rb8 32. axb5 axb5 33. Bc2 Qc5 34. b4 Qd6
35. Bd3 Qc7 36. Qe2 Qb6 37. Rd1 Qb7 38. h5 gxh5 39. Rxe6 Bxe6 40. Qxe6 Ne7 41.
Bxf5+ Nxf5 42. Qxf5+ Kh8 43. Qxh5 Qb6 44. Kg2 Rf8 45. Rd4 Qd6 46. Ne5 Kh7 47.
Qf3 Rd8 48. Qd3+ Kh8 49. Qxb5 Qc7 50. Qd3 Qb7 51. f5 Rd6 52. Ng6+ Kg8 53. Qe3
Qf7 54. Qxh6 Rh7 55. Qg5 Qg7 56. Ne7+ Kf8 57. Qxg7+ Rxg7 58. Nxd5 Ra6 59. g4 Ra2
60. Kg3 Rga7 61. g5 Kg7 62. Re4 Kf7 63. f3 Ra1 64. Rh4 Rg1+ 65. Kf4 Raa1 66. g6+
Kg7 67. Rh7+ Kf8 68. Rf7+ Ke8 69. Nf6+ Kd8 70. g7 1-0

[Event "Olimpiade 2024 - Donne"]
[Site "Budapest"]
[Date "15.09.2024"]
[Round "5.6"]
[Board "1"]
[White "Kashlinskaya, Alina"]
[Black "Atalik, Ekaterina"]
[Result "1/2-1/2"]
[WhiteTitle "IM"]
[BlackTitle "IM"]
[WhiteElo "2490"]
[BlackElo "2381"]
[WhiteTeam "Poland"]
[BlackTeam "Turkiye"]
[WhiteFideId "4198026"]
[BlackFideId "4130189"]
[EventDate "2024.09.11"]

1. e4 c6 2. d4 d5 3. f3 Qb6 4. Nc3 e6 5. a3 Nf6 6. e5 Nfd7 7. f4 c5 8. Nf3 Nc6
9. dxc5 Bxc5 10. Bd3 Be7 11. Na4 Qc7 12. O-O O-O 13. b3 f6 14. Bb2 fxe5 15. fxe5
a6 16. c4 dxc4 17. bxc4 b5 18. cxb5 axb5 19. Nc3 b4 20. axb4 Rxa1 21. Bxa1 Nxb4
22. Ne4 Nc5 23. Bb1 Ba6 24. Re1 Ncd3 25. Re3 Nf4 26. Nd6 Nbd5 27. Re1 Bxd6 28.
exd6 Qxd6 29. Kh1 Qb6 30. Bd4 Qb4 31. Be4 Qa3 32. Qa1 Qxa1 33. Rxa1 Bd3 34. Ra7
Nf6 35. Bxd3 Nxd3 36. g3 Re8 37. Ne5 Nxe5 38. Bxe5 Rd8 39. Re7 Rd1+ 40. Kg2 Re1
41. Bxf6 gxf6 42. Kf2 Re5 43. g4 h5 44. gxh5 Kf8 45. Rh7 Rg5 46. Kf3 Kg8 47. Re7
e5 48. h6 Rh5 49. Kg4 Rxh6 50. Kf5 Rh7 51. Re6 Rh6 52. Re7 Rh7 53. Ke4 1/2-1/2

[Event "Olimpiade 2024 - Donne"]
[Site "Budapest"]
[Date "15.09.2024"]
[Round "5.6"]
[Board "3"]
[White "Maltsevskaya, Aleksandra"]
[Black "Aydin, Gulenay"]
[Result "1-0"]
[WhiteTitle "IM"]
[BlackTitle "WIM"]
[WhiteElo "2404"]
[BlackElo "2202"]
[WhiteTeam "Poland"]
[BlackTeam "Turkiye"]
[WhiteFideId "24174041"]
[BlackFideId "34557431"]
[EventDate "2024.09.11"]

1. d4 d5 2. Nf3 Nf6 3. Bf4 c5 4. e3 Nc6 5. Nbd2 cxd4 6. exd4 g6 7. c3 Bg7 8. Bb5
Bd7 9. O-O O-O 10. Re1 a6 11. Bxc6 Bxc6 12. Ne5 Rc8 13. h3 Re8 14. Qb3 e6 15.
Nxc6 Rxc6 16. a4 b6 17. Be5 Nd7 18. Bxg7 Kxg7 19. Nf3 Qc7 20. Re3 Rb8 21. Ne1 b5
22. axb5 Rxb5 23. Qc2 e5 24. Qe2 e4 25. Rxa6 Rxa6 26. Qxb5 Ra5 27. Qb4 Ra1 28.
Qe7 Qc6 29. f3 Nf6 30. Qe5 Qb6 31. fxe4 dxe4 32. Rxe4 Qxb2 33. Rf4 Ra6 34. d5
Qb6+ 35. Kh2 Ra1 36. Nf3 Ra6 37. c4 Qd6 38. Qxd6 Rxd6 39. Ne5 Rd8 40. Rd4 Re8
41. Nd3 Re4 42. Rxe4 Nxe4 43. c5 Kf6 44. g4 Nc3 45. g5+ Kf5 46. d6 Ke6 47. Ne5
Ne4 48. d7 Ke7 49. c6 Nxg5 50. c7 Nf3+ 51. Kg3 1-0

[Event "Olimpiade 2024 - Donne"]
[Site "Budapest"]
[Date "15.09.2024"]
[Round "5.7"]
[Board "1"]
[White "Mammadzada, Gunay"]
[Black "Osmak, Yuliia"]
[Result "0-1"]
[WhiteTitle "IM"]
[BlackTitle "IM"]
[WhiteElo "2433"]
[BlackElo "2471"]
[WhiteTeam "Azerbaijan"]
[BlackTeam "Ukraine"]
[WhiteFideId "13403729"]
[BlackFideId "14101602"]
[EventDate "2024.09.11"]

1. e4 c5 2. Nf3 d6 3. d4 cxd4 4. Nxd4 Nf6 5. Nc3 a6 6. Be3 e5 7. Nb3 Be7 8. f3
Be6 9. Be2 Nbd7 10. a4 Nb6 11. O-O d5 12. exd5 Nbxd5 13. Nxd5 Nxd5 14. Bf2 Qc7
15. Qd2 Rc8 16. c3 Rd8 17. Qc2 O-O 18. Nc1 Nf4 19. Re1 Bg5 20. Nb3 Qc8 21. Nc5
Rd2 22. Qe4 Bd5 23. Qxe5 f6 24. Qe7 Re8 25. Qxe8+ Qxe8 26. Bb5 Qh5 27. Re8+ Kf7 0-1